MAXIMUM INFLUENCE THE 12 UNIVERSAL LAWS (Record no. 30585)

MARC details
000 -LEADER
fixed length control field 00362nam a2200145Ia 4500
008 - FIXED-LENGTH DATA ELEMENTS--GENERAL INFORMATION
fixed length control field 240624s9999 xx 000 0 und d
041 ## - LANGUAGE CODE
Language code of text/sound track or separate title eng
082 ## - DEWEY DECIMAL CLASSIFICATION NUMBER
Classification number 153.852 MOR
100 ## - MAIN ENTRY--PERSONAL NAME
Personal name MORTENSEN KURT W
245 ## - TITLE STATEMENT
Title MAXIMUM INFLUENCE THE 12 UNIVERSAL LAWS
250 ## - EDITION STATEMENT
Edition statement (2nd ed.)
260 ## - PUBLICATION, DISTRIBUTION, ETC.
Date of publication, distribution, etc. 2013
Place of publication, distribution, etc. USA
Name of publisher, distributor, etc. Amacom
300 ## - PHYSICAL DESCRIPTION
Extent vii, 247 p.; 23 cm.
365 ## - TRADE PRICE
Currency code
Price amount 38
Holdings
Withdrawn status Lost status Damaged status Not for loan Home library Current library Shelving location Date acquired Cost, normal purchase price Full call number Barcode Date last seen Copy number Price effective from Koha item type
        IMTN IMTN Rack 2-B 04/17/2018 17.95 153.852 MOR 30585 06/24/2024 68.3 06/24/2024 Books
Designed & Maintained by: LRC IMT Nagpur Contact: lrc@imtnag.ac.in© 2024. All Rights Reserved.